Autoras dramáticas españolas entre 1918 y 1936 (Record no. 188872)

MARC details
000 -LEADER
campo de control de longitud fija 01281nam a2200313 i 4500
001 - NÚMERO DE CONTROL
campo de control 188872
003 - IDENTIFICADOR DE NÚMERO DE CONTROL
campo de control SpMaBN
005 - FECHA Y HORA DE LA ÚLTIMA TRANSACCIÓN
campo de control 20250824054645.0
008 - DATOS DE LONGITUD FIJA--INFORMACIÓN GENERAL
campo de control de longitud fija 190219s1993 sp acf |||| |dspa d
020 ## - NÚMERO INTERNACIONAL ESTÁNDAR DEL LIBRO
Número Internacional Estándar del Libro 84-00-07360-6
080 ## - NÚMERO DE LA CLASIFICACIÓN DECIMAL UNIVERSAL
Número de la Clasificación Decimal Universal 821.134.2-2.09"19"
100 1# - ENTRADA PRINCIPAL--NOMBRE DE PERSONA
Nombre de persona Nieva de la Paz, Pilar.
9 (RLIN) 166384
245 10 - MENCIÓN DEL TÍTULO
Título Autoras dramáticas españolas entre 1918 y 1936
Resto del título : (texto y representación) /
Mención de responsabilidad, etc. Pilar Nieva de la Paz.
260 ## - PUBLICACIÓN, DISTRIBUCIÓN, ETC.
Lugar de publicación, distribución, etc. Madrid :
Nombre del editor, distribuidor, etc. Consejo Superior de Investigaciones Científicas, Instituto de Filología,
Fecha de publicación, distribución, etc. 1993.
300 ## - DESCRIPCIÓN FÍSICA
Extensión 407, [8] h. de lám. col. :
Otras características físicas il. n. ;
Dimensiones 24 cm.
490 1# - MENCIÓN DE SERIE
Mención de serie Biblioteca de teatro
500 ## - NOTA GENERAL
Nota general Basado en la tesis de la autora.
500 ## - NOTA GENERAL
Nota general Apéndices.
500 ## - NOTA GENERAL
Nota general Índices.
504 ## - NOTA DE BIBLIOGRAFÍA, ETC.
Nota de bibliografía, etc. Bibliografía: p. [375]-393.
650 #7 - PUNTO DE ACCESO ADICIONAL DE MATERIA--TÉRMINO DE MATERIA
Término de materia o nombre geográfico como elemento de entrada Teatro español-
Subdivisión general Autoras-
-- Historia y crítica.
9 (RLIN) 166385
710 2# - ENTRADA AGREGADA--NOMBRE DE ENTIDAD CORPORATIVA
Nombre de entidad corporativa o nombre de jurisdicción como elemento de entrada Instituto de Filología (Consejo Superior de Investigaciones Científicas) (
Sede del congreso/Lugar de la reunión Madrid)
9 (RLIN) 4944
830 00 - PUNTO DE ACCESO ADICIONAL DE SERIE-TÍTULO UNIFORME
Título uniforme Biblioteca de teatro (CSIC)
9 (RLIN) 225735
852 ## - LOCALIZACIÓN
Ubicación ES-MaACL
Número de control de estantería A-14373
itemnumber 196006
Sublocalización o colección R.151704
Ubicación en estantería Depósito 1
Signatura antigua Olim: N-7373
Donativo/Legado Donacion: Pilar Fernandez Vera
903 ## - NOMBRE PERSONAL DE DONANTE
a Fernández Vera, Pilar,
d 1961-
e Donante
9 49420
942 ## - ELEMENTOS DE ENTRADA SECUNDARIOS (KOHA)
Fuente del sistema de clasificación o colocación Clasificación decimal universal
Tipo de ítem Koha Libro impreso
Holdings
Estatus retirado Estado de pérdida Fuente del sistema de clasificación o colocación Estado de daño No para préstamo Biblioteca de origen Biblioteca actual Ubicación en estantería Fecha de adquisición Fuente de adquisición Total de préstamos Signatura topográfica completa Código de barras Visto por última vez Precio de reemplazo Tipo de ítem Koha
    Clasificación decimal universal     Biblioteca del Ateneo de Madrid Biblioteca del Ateneo de Madrid Depósito 1 19/02/2019 Donación   A-14373 1200008 23/02/2023 23/02/2023 Libro impreso